Autonomic communication : (Record no. 2242)

MARC details
000 -LEADER
fixed length control field 01454nac a22003251u 4500
008 - FIXED-LENGTH DATA ELEMENTS--GENERAL INFORMATION
fixed length control field 130109s2005 us ||||| |||| 00| 0 eng d
010 ## - LIBRARY OF CONGRESS CONTROL NUMBER
LC control number 2005928376
020 ## - INTERNATIONAL STANDARD BOOK NUMBER
International Standard Book Number 3540274170 (pbk.)
024 3# -
-- 9783540274179
035 ## - SYSTEM CONTROL NUMBER
System control number (CStRLIN)PASGA2971373-B
035 ## - SYSTEM CONTROL NUMBER
System control number (PSt) (Sirsi) a2971373
082 00 - DEWEY DECIMAL CLASSIFICATION NUMBER
Classification number 004
Item number AUT
Edition number 22
100 ## - MAIN ENTRY--PERSONAL NAME
Personal name 20080729
9 (RLIN) 31843
111 2# - MAIN ENTRY--MEETING NAME
Meeting name or jurisdiction name as entry element WAC 2004
Date of meeting (2004 :
Location of meeting Berlin, Germany)
9 (RLIN) 31844
245 10 - TITLE STATEMENT
Title Autonomic communication :
Remainder of title first international IFIP workshop, WAC 2004, Berlin, Germany, October 18-19, 2004 : revised selected papers /
Statement of responsibility, etc Michael Smirnov (ed.).
246 30 - VARYING FORM OF TITLE
Title proper/short title WAC 2004
260 ## - PUBLICATION, DISTRIBUTION, ETC. (IMPRINT)
Place of publication, distribution, etc Berlin ;
-- New York :
Name of publisher, distributor, etc Springer,2005
Date of publication, distribution, etc 2005.
300 ## - PHYSICAL DESCRIPTION
Extent xi, 278 p. :
Other physical details ill. ;
Dimensions 24 cm.
440 #0 -
-- Lecture notes in computer science,
-- 3457
-- 31845
504 ## - BIBLIOGRAPHY, ETC. NOTE
Bibliography, etc Includes bibliographical references and index.
650 #0 - SUBJECT ADDED ENTRY--TOPICAL TERM
Topical term or geographic name as entry element Autonomic computing
Form subdivision Congresses.
9 (RLIN) 31846
650 #0 - SUBJECT ADDED ENTRY--TOPICAL TERM
Topical term or geographic name as entry element Computer networks
General subdivision Management
Form subdivision Congresses.
9 (RLIN) 31848
650 #0 - SUBJECT ADDED ENTRY--TOPICAL TERM
9 (RLIN) 31847
Topical term or geographic name as entry element Database management
Form subdivision Congresses
700 1# - ADDED ENTRY--PERSONAL NAME
Personal name Smirnov, Mikhail I.
9 (RLIN) 31849
710 2# - ADDED ENTRY--CORPORATE NAME
Corporate name or jurisdiction name as entry element International Federation for Information Processing.
9 (RLIN) 31850
856 41 - ELECTRONIC LOCATION AND ACCESS
Uniform Resource Identifier <a href="http://www.springerlink.com/link.asp?id=dermbn497mr8">http://www.springerlink.com/link.asp?id=dermbn497mr8</a>
856 41 - ELECTRONIC LOCATION AND ACCESS
Uniform Resource Identifier <a href="http://springerlink.metapress.com/openurl.asp?genre=issue&issn=0302-9743&volume=3457">http://springerlink.metapress.com/openurl.asp?genre=issue&issn=0302-9743&volume=3457</a>
856 41 - ELECTRONIC LOCATION AND ACCESS
Materials specified Publisher description
Uniform Resource Identifier <a href="http://www.loc.gov/catdir/enhancements/fy0663/2005928376-d.html">http://www.loc.gov/catdir/enhancements/fy0663/2005928376-d.html</a>
942 ## - ADDED ENTRY ELEMENTS (KOHA)
Item type Book - Borrowing
Call number prefix 004 AUT
Source of classification or shelving scheme Dewey Decimal Classification
Holdings
Withdrawn status Item status Damaged status Not for loan Home library Current library Shelving location Date acquired Source of acquisition Total Checkouts Full call number Barcode Date last seen Koha item type
        Central Library Central Library Lower Floor 07/02/2014 Purchase   004 AUT 000002212 15/07/2025 Book - Borrowing